01385nam a2200361Ic 450000100060000000300100000600500170001600700030003300800410003602000180007704000350009504100080013008200180013810000530015624500830020925000220029226400420031430000680035633600270042433700330045133800280048449000130051252100410052554500550056665000460062165000520066765000540071965000500077365000420082394200120086599900170087795201290089460862CO-BoRNBP20260413203409.0ta210813s2017 sp a er 000 0dspa d a9788416776726 aCO-BoRNBPbspaerdacCO-BoRNBP0 aspa04a909bT17g22210aTaranilla de la Varga, Carlos Javiereaut96963410aGrandes enigmas y misterios de la historia /cCarlos J. Taranilla de la Varga. aPrimera edición 1a[Madrid, España] :bAlmuzara,c2017 a366 páginas :bilustraciones, fotografías en blanco y negro atextobtxt2rdacontent asin mediaciónbn2rdamedia avolumenbnc2rdacarrier0 aHistoria aRecomendado para un público adulto aIncluye datos biográficos del autor en la solapa17aArtevCuriosidades y enigmas2lemb96963517aReligiónvCuriosidades y enigmas2lemb96963607aTecnologíavCuriosidades y enigmas2lemb96963717aHistoriavCuriosidades y enigmas2lemb96952717aCivilizaciónxHistoria2lemb961929 2ddccBK c60862d60862 00102ddc40708GENaMEMAPJGAbMEMAPJGAcGENd2026-04-13l0o909 T17gpMPJG01166r2026-04-13 20:34:38tEj.1w2026-04-13yBK